000 01530nam0a2200337 4500
001 RU\NLR\BIBL_A\011762135
005 20180828160323.0
010 _a978-5-418-01463-4
_95000
021 _aRU
_bКН-П-18-046311
_9КН-П-18-3334
035 _a(NLR Aleph) 011762135
035 _a(RuMoRGB)009670174
090 _a11682307
_c11682307
100 _a20180801d2019 c y0rusy50 ca
101 0 _arus
102 _aRU
105 _aa|||j|||000zy
200 1 _aЯ хочу читать
_eкнига для чтения к учебнику по литературному чтению для 2-го класса общеобразовательных организаций
_eкнига предназначена для использования в классе
_fО. В. Кубасова
205 _a5-е изд.
210 _aСмоленск
_cАссоциация XXI век
_d2019 [т.е. 2018]
215 _a272 с.
_cцв. ил.
_d22
225 1 _aГармония
_iОбразовательная система
225 1 _aФГОС
300 _aФактическая дата выхода в свет - 2018 г.
606 1 _aРусский язык
_jХрестоматии для начальной школы
_2nlr_sh2
_3RU\NLR\auth\66969347
686 3 _aШ141.12-922.1[2]хрест
700 1 _aКубасова
_bО. В.
_gОльга Владимировна
_3RU\NLR\AUTH\775310
942 _cBOOK
980 _aNBR
980 _aNB